000 00891nas a2200289 4500
001 BR9510062
003 BR-BrBNA
005 20231205095537.0
007 ta
008 230509b bl.|||p| |||| 00| 00por d
040 _aBR-BrBNA
_bpor
_cBiblioteca Nacional de Agricultura
041 _a(En)
072 _aM12
100 1 _aAinouz, I.L.
100 1 _aSampaio, A.H.
100 1 _aFreitas, A.L.P.
100 1 _aBenevides, N.M.B.
100 1 _aMapurunga, S.
245 1 _aComparative study on hemagglutinins from the red algae Bryothamnion seaforthii and Bryothamnion triquetrum
650 _aAlga Marinha
650 _aAglutinina
650 _aLecitina
650 _aAnalise Quimica
773 0 _tRevista Brasileira de Fisiologia Vegetal (Brazil)
_xISSN 0103-3131
_g(Jun 1995), v. 7(1) p. 15-19
_wBR9510062
909 _a202311
_bLúcia
_c55
_dLúcia Elande
942 _2AGRIS
_n0
_cANA
999 _c151287
_d151287